000 00491nam a2200181Ia 4500
001 7795
005 20260306160521.0
008 260306t2014||||xx |||||||||||||| ||spa||
041 _aESP
082 _a362.28
_bV19
100 _aValdivia Pareja, Álvaro
_eAUT
245 0 _aSuicidología:
_bprevención, tratamiento psicológico e investigación de procesos suicidas
260 _c2014
300 _a167 páginas :
_c22 cm.
650 _aGEN
654 _aCPS
942 _cLIB
_dJUS
_fJUS
_2ddc
_n
999 _c7795
_d7795